000 01049cam a2200313 i 4500
001 10196
003 Mx-PuUPA
005 20260204085730.0
008 140415s1991 mx gr 000 0 spa d
020 _a9684760388
040 _aMx-PuUPA
_bspa
_cMx-PuUPA
_dMx-PuUPA
_erda
041 0 _aspa
245 1 0 _aLas oraciones católicas mas bellas del mundo /
_cDistribuciones Fontamara, editor
250 _aCuarta edición
264 1 _aMéxico, D.F.:
_bDistribuciones Fontamara,
_c1991
300 _a93 páginas ;
_c21 cm
336 _2rdacontent
_atexto
_btxt
337 _2rdamedia
_asin medio
_bn
338 _2rdacarrier
_avolumen
_bnc
490 0 _aColección Fontamara ;
_v32
650 7 _2armarc
_913986
_aIglesia Católica
650 7 _2armarc
_aIglesia Católica
_xOraciones y devociones
650 7 _2armarc
_aOraciones y devociones
650 7 _2armarc
_aIglesia Católica
_xDevociones
710 1 _aDistribuciones Fontamara
_eeditor
942 _2ddc
_cLI
_h248.32
_iL33
999 _c10196
_d10196